| 000 | 00560nam a2200145 a 4500 | ||
|---|---|---|---|
| 001 | 000021776 | ||
| 005 | 20240306185038.0 | ||
| 008 | 100913s2000 dr r 000 0 spa d | ||
| 040 |
_aDO-SdBNP _bspa _cBNPHU |
||
| 082 |
_axxxx _bS446i |
||
| 110 |
_aSecretaría de Estado de Educación y Cultura, (República Dominicana) _955093 |
||
| 245 | 1 | 0 |
_aInforme de evaluación del proyecto principal de educación de la UNESCO : _bRepública Dominicana 1981. |
| 260 |
_a[Santo Domingo] : _bSecretaría de Estado de Educación y Cultura, _c2000. |
||
| 300 |
_a271 p. ; _c27 cm. |
||
| 999 |
_c21275 _d21275 |
||